<?xml version='1.0' encoding='UTF-8'?>
  <record xmlns="http://www.loc.gov/MARC21/slim">
    <leader>00000cam a2200000 i 4500</leader>
    <controlfield tag="001">ocn228733597</controlfield>
    <controlfield tag="003">OCoLC</controlfield>
    <controlfield tag="005">20250912023200.8</controlfield>
    <controlfield tag="008">870217s1493    fr            000 0 lat d</controlfield>
    <datafield tag="040" ind1=" " ind2=" ">
      <subfield code="a">HUV</subfield>
      <subfield code="b">eng</subfield>
      <subfield code="e">rda</subfield>
      <subfield code="e">dcrmr</subfield>
      <subfield code="c">HUV</subfield>
      <subfield code="d">OCLCG</subfield>
      <subfield code="d">OCLCQ</subfield>
      <subfield code="d">OCLCO</subfield>
      <subfield code="d">OCLCF</subfield>
      <subfield code="d">OCLCA</subfield>
      <subfield code="d">OCLCO</subfield>
      <subfield code="d">OCLCQ</subfield>
      <subfield code="d">OCLCL</subfield>
      <subfield code="d">OCLCQ</subfield>
      <subfield code="d">OCLCL</subfield>
      <subfield code="d">OCLCQ</subfield>
      <subfield code="d">QGJ</subfield>
      <subfield code="d">OCLCO</subfield>
    </datafield>
    <datafield tag="035" ind1=" " ind2=" ">
      <subfield code="a">(OCoLC)228733597</subfield>
    </datafield>
    <datafield tag="082" ind1="0" ind2="4">
      <subfield code="a">093</subfield>
      <subfield code="q">OCoLC</subfield>
      <subfield code="1">https://id.oclc.org/worldcat/ddc/E3WkXT8xgBJXB8jrjhkT99Xtq6</subfield>
    </datafield>
    <datafield tag="100" ind1="1" ind2=" ">
      <subfield code="a">Reuchlin, Johann,</subfield>
      <subfield code="d">1455-1522,</subfield>
      <subfield code="e">author.</subfield>
      <subfield code="4">aut</subfield>
      <subfield code="1">https://id.oclc.org/worldcat/entity/E39PBJm4QrXBGHhf6K6wTXpdcP</subfield>
    </datafield>
    <datafield tag="240" ind1="1" ind2="0">
      <subfield code="a">Vocabularius breviloquus</subfield>
    </datafield>
    <datafield tag="245" ind1="1" ind2="0">
      <subfield code="a">Vocabulari[us] breuiloqu[us] cu[m] arte dipthongandi, punctandi, et accentuandi.</subfield>
    </datafield>
    <datafield tag="264" ind1=" " ind2="1">
      <subfield code="a">Argentine :</subfield>
      <subfield code="b">[Printer of the 1483 Jordanus de Quedlinburg (Georg Husner)],</subfield>
      <subfield code="c">Anno d[omi]ni. M.cccc.xciij. Finit[us] sexta feria post festum Erhardi episcopi [11 Jan. 1493]</subfield>
    </datafield>
    <datafield tag="300" ind1=" " ind2=" ">
      <subfield code="a">[322] leaves ;</subfield>
      <subfield code="c">29 cm (folio)</subfield>
    </datafield>
    <datafield tag="336" ind1=" " ind2=" ">
      <subfield code="a">text</subfield>
      <subfield code="b">txt</subfield>
      <subfield code="2">rdacontent</subfield>
    </datafield>
    <datafield tag="337" ind1=" " ind2=" ">
      <subfield code="a">unmediated</subfield>
      <subfield code="b">n</subfield>
      <subfield code="2">rdamedia</subfield>
    </datafield>
    <datafield tag="338" ind1=" " ind2=" ">
      <subfield code="a">volume</subfield>
      <subfield code="b">nc</subfield>
      <subfield code="2">rdacarrier</subfield>
    </datafield>
    <datafield tag="340" ind1=" " ind2=" ">
      <subfield code="m">folio</subfield>
      <subfield code="2">rdabf</subfield>
    </datafield>
    <datafield tag="340" ind1=" " ind2=" ">
      <subfield code="k">2 columns</subfield>
    </datafield>
    <datafield tag="500" ind1=" " ind2=" ">
      <subfield code="a">Title from title page (fol. Aa1 recto).</subfield>
    </datafield>
    <datafield tag="500" ind1=" " ind2=" ">
      <subfield code="a">Publication place and date from colophon (fol. y5 verso), which reads: Finit vocabulari[us] Breuiloqu[us]. triplici alphabeto diuers[is] ex autorib[us] necnon corpore vtriusq[ue] iur[is] collect[us] ad latinum s[er]mone[m] capessendu[m] vtilissim[us]. Impressus Argentine Anno d[omi]ni. M.cccc.xciiij Finit[us] sexta feria post festum Erhardi episcopi.</subfield>
    </datafield>
    <datafield tag="500" ind1=" " ind2=" ">
      <subfield code="a">Printer's name from ISTC.</subfield>
    </datafield>
    <datafield tag="500" ind1=" " ind2=" ">
      <subfield code="a">Signatures: Aa⁶, a-d⁸, e⁶ f-g⁸ h⁶ i-k⁸ l⁶ m-n⁸ o⁶ p⁸ q⁶ r⁸ s⁶ t⁸ v⁶ x⁸ y⁶ z⁸ A⁶ B⁸ C-E⁶ F⁸ G-H⁶ I⁸ K-L⁶ M⁸ N⁶ O⁸ P⁶ Q⁸ R-S⁶ T⁸ U⁶ X⁸ Y⁶ (Y6 blank).</subfield>
    </datafield>
    <datafield tag="500" ind1=" " ind2=" ">
      <subfield code="a">Text printed in 2 columns.</subfield>
    </datafield>
    <datafield tag="500" ind1=" " ind2=" ">
      <subfield code="a">Capital spaces without guide letters.</subfield>
    </datafield>
    <datafield tag="500" ind1=" " ind2=" ">
      <subfield code="a">Contains also: Ars diphthongandi by Guarinus Veronensis and De arte punctandi and De accentu by Johannes de Lapide.</subfield>
    </datafield>
    <datafield tag="500" ind1=" " ind2=" ">
      <subfield code="a">For the attribution of the De arte punctandi to Guillaume Fichet rather than to Johannes de Lapide, see E. Beltran in Scriptorium, 39 (1985) 284-91 (Hillard 1733).</subfield>
    </datafield>
    <datafield tag="510" ind1="4" ind2=" ">
      <subfield code="a">Incunabula Short Title Catalogue,</subfield>
      <subfield code="c">ir00168000</subfield>
      <subfield code="u">https://data.cerl.org/istc/ir00168000</subfield>
    </datafield>
    <datafield tag="510" ind1="4" ind2=" ">
      <subfield code="a">Gesamtkatalog der Wiegendrucke,</subfield>
      <subfield code="c">M37942</subfield>
      <subfield code="u">https://www.gesamtkatalogderwiegendrucke.de/docs/M37942.htm</subfield>
    </datafield>
    <datafield tag="510" ind1="4" ind2=" ">
      <subfield code="a">Incunabula in Dutch libraries,</subfield>
      <subfield code="c">3904</subfield>
    </datafield>
    <datafield tag="510" ind1="4" ind2=" ">
      <subfield code="a">Copinger, W.A. Supplement to Hain’s Repertorium bibliographicum,</subfield>
      <subfield code="c">6296</subfield>
    </datafield>
    <datafield tag="510" ind1="4" ind2=" ">
      <subfield code="a">Voulliéme, E. Inkunabeln der Königlichen Bibliothek und der anderen Berliner Sammlungen,</subfield>
      <subfield code="c">2447</subfield>
    </datafield>
    <datafield tag="510" ind1="4" ind2=" ">
      <subfield code="a">Pr</subfield>
      <subfield code="c">634.7</subfield>
    </datafield>
    <datafield tag="650" ind1=" " ind2="0">
      <subfield code="a">Vocabulary</subfield>
      <subfield code="v">Early works to 1800.</subfield>
    </datafield>
    <datafield tag="650" ind1=" " ind2="0">
      <subfield code="a">Handbooks, vade-mecums, etc.</subfield>
    </datafield>
    <datafield tag="650" ind1=" " ind2="0">
      <subfield code="a">Rituals (Liturgical books)</subfield>
    </datafield>
    <datafield tag="650" ind1=" " ind2="6">
      <subfield code="a">Guides, vade-mecum, etc.</subfield>
    </datafield>
    <datafield tag="650" ind1=" " ind2="6">
      <subfield code="a">Rituels (Livres liturgiques)</subfield>
    </datafield>
    <datafield tag="650" ind1=" " ind2="7">
      <subfield code="a">rituals (liturgical books)</subfield>
      <subfield code="2">aat</subfield>
    </datafield>
    <datafield tag="650" ind1=" " ind2="7">
      <subfield code="a">manuals (instructional materials)</subfield>
      <subfield code="2">aat</subfield>
    </datafield>
    <datafield tag="650" ind1=" " ind2="7">
      <subfield code="a">Handbooks, vade-mecums, etc.</subfield>
      <subfield code="2">fast</subfield>
    </datafield>
    <datafield tag="650" ind1=" " ind2="7">
      <subfield code="a">Vocabulary</subfield>
      <subfield code="2">fast</subfield>
    </datafield>
    <datafield tag="655" ind1=" " ind2="7">
      <subfield code="a">Early works</subfield>
      <subfield code="2">fast</subfield>
    </datafield>
    <datafield tag="700" ind1="0" ind2="2">
      <subfield code="i">Container of (work):</subfield>
      <subfield code="a">Guarino,</subfield>
      <subfield code="c">Veronese,</subfield>
      <subfield code="d">1374-1460.</subfield>
      <subfield code="t">Ars dipthongandi.</subfield>
    </datafield>
    <datafield tag="700" ind1="0" ind2="2">
      <subfield code="i">Container of (work):</subfield>
      <subfield code="a">Johannes,</subfield>
      <subfield code="c">de Lapide,</subfield>
      <subfield code="d">approximately 1425-1496.</subfield>
      <subfield code="t">De arte punctandi.</subfield>
    </datafield>
    <datafield tag="700" ind1="0" ind2="2">
      <subfield code="i">Container of (work):</subfield>
      <subfield code="a">Johannes,</subfield>
      <subfield code="c">de Lapide,</subfield>
      <subfield code="d">approximately 1425-1496.</subfield>
      <subfield code="t">De accentu.</subfield>
    </datafield>
    <datafield tag="700" ind1="1" ind2=" ">
      <subfield code="a">Husner, Georg,</subfield>
      <subfield code="d">-1505,</subfield>
      <subfield code="e">printer.</subfield>
      <subfield code="4">prt</subfield>
      <subfield code="1">https://id.oclc.org/worldcat/entity/E39PBJr3rWjFG8qDWhYWtkKDbd</subfield>
    </datafield>
    <datafield tag="740" ind1="0" ind2=" ">
      <subfield code="a">Ars dipthongandi</subfield>
    </datafield>
    <datafield tag="740" ind1="0" ind2=" ">
      <subfield code="a">De arte punctandi</subfield>
    </datafield>
    <datafield tag="740" ind1="0" ind2=" ">
      <subfield code="a">De accentu</subfield>
    </datafield>
    <datafield tag="752" ind1=" " ind2=" ">
      <subfield code="a">France</subfield>
      <subfield code="d">Strasbourg,</subfield>
      <subfield code="e">publication place.</subfield>
      <subfield code="4">pup</subfield>
    </datafield>
    <datafield tag="936" ind1=" " ind2=" ">
      <subfield code="a">BATCHLOAD</subfield>
    </datafield>
  </record>